000 00474nam a2200181Ia 4500
001 23914
005 20260414151009.0
008 260414t2014||||xx |||||||||||||| ||spa||
041 _aESP
082 _a720.985
_bA177 V. 2
100 _aDeustua, Alejandro O.
_eAUT
245 0 _aLo bello en el arte :
_bla arquitectura (apuntes y extractos)
260 _c2014
300 _axxxvi, 247 páginas :
_c24 cm.
650 _aABD
654 _aCAU
942 _cLIB
_dJUS
_fJUS
_2ddc
_n
999 _c23914
_d23914